000 00316nam a2200133Ia 4500
005 20260328104328.0
008 260328s9999||||xx |||||||||||||| ||und||
100 _aVillalobos, Federico
245 0 _aLa Odisea de Homero /
_cFederico Villalobos
260 _bSM
300 _a32 p.
650 _aGRECIA
942 _cBK
999 _c11596
_d11596